000 00706nas a2200241 4500
001 BR8806814
003 BR-BrBNA
005 20231205091345.0
007 ta
008 230509b bl.|||p| |||| 00| 00por d
040 _aBR-BrBNA
_bpor
_cBiblioteca Nacional de Agricultura
041 _a(Pt)
072 _aL72
100 1 _aSato, G.
245 1 _aLevantamento de peixes predadores de larvas de simulideos da regiao de Joinville
650 _aPEIXE
650 _aPREDADOR
650 _aCONTROLE BIOLOGICO
650 _aBORRACHUDO
773 0 _tTrigo e Soja (Brazil)
_xISSN 0100-5456
_g(Sep-Oct 1986), no. 87 p. 30-31
_wBR8806814
909 _a202311
_bLúcia
_c55
_dLúcia Elande
942 _2AGRIS
_n0
_cANA
999 _c124553
_d124553